Sports Quiz

Random Sports or NFL Quiz
Score 0/10 Timer 03:00
0 Plays Today
Yards Player % Correct
60,256Peyton Manning
98%
61,361Dan Marino
88.3%
45,279Tom Brady
87.5%
71,838Brett Favre
86.1%
46,598Drew Brees
75.5%
51,475John Elway
67.1%
49,325Warren Moon
48.5%
47,003Fran Tarkenton
32.4%
44,611Drew Bledsoe
25.2%
46,233Vinny Testaverde
23.7%

You're not logged in!

Compare scores with friends on all Sporcle quizzes.
OR
Log In

Sporcle TV

Today on Sporcle TV


Watch our educational content, quiz creation guides, and fun videos on Sporcle TV.

Show Comments

Extras

Top Quizzes Today


Score Distribution

Paid Content

Your Account Isn't Verified!

In order to create a playlist on Sporcle, you need to verify the email address you used during registration. Go to your Sporcle Settings to finish the process.

Report this User

Report this user for behavior that violates our Community Guidelines.

Details: